000 00746cab a2200253 4500
001 WB3415-09
008 090401t1998 xxu||||| |||| 00| 0 eng d
035 _a(Sirsi) u85622
041 _aeng
245 _aTermites attack home
260 _c1998
350 _a0
490 _aGuardian
_v13 April 1998, 1; 18 April 1998, 12&13(3)
520 _aThe existence of termites in Devon England has been confirmed by the local authority. Attempts by the BRE to destroy the colony have so far failed.
650 _aBRE
650 _aDEVON
650 _aPEST CONTROL
650 _aPEST DAMAGE
650 _aSOUTH WEST ENGLAND
650 _aTERMITES
690 _aBUILT ENVIRONMENT-BUILDING PATHOLOGY
942 _n0
948 _c16/04/1998
999 _c53847
_d53847